000 00504nam a2200181 a 4500
005 20220526063924.0
008 991125s1992 mx 000 0 spa u
020 _a968244599X
035 _aUPN01000005791
049 _aLT
050 4 _aLB1651 M6.1
_bR6.3
100 1 _aRosado, Daffny
245 1 0 _aBiología :
_bprimer grado /
_cDaffny Rosado.
260 _aMéxico :
_bTrillas,
_c1992.
300 _a164 p. :
_bil. col.
650 4 _aBiología
_xEstudio y enseñanza (Secundaria)
_94532
905 _aLibro
999 _c5791
_d5791